000
00338nam a22001577a 4500
003
SGT
020
_a
978-81-8448-886-9
082
_a
616.0757, R10T
100
_a
THEYALAN, K
245
_a
TB. OF RADIOLOGICAL SAFETY
250
_a
1ST
260
_a
INDIA
_b
JAYPEE
_c
2010
300
_a
325
650
_a
RADIOLOGY
942
_2
ddc
_c
BK
_0
57
999
_c
8401
_d
8401